Fremantle Dockers Theme Song - Statistics

General Stats
  • This quiz has been taken 143 times
  • The average score is 68 of 107
Answer Stats
Answer % Correct
Freo
99%
Do
93%
Go
93%
To
90%
Way
89%
The
88%
We
81%
Dockers
80%
Em
78%
Down
77%
Hard
76%
Hit
76%
Real
76%
Are
71%
Them
70%
Send
68%
Mighty
51%
Old
51%
And
50%
We're
50%
Rock
45%
We'll
43%
Again
41%
Give
40%
It
40%
Roll
40%
Up
39%
Get
37%
Heave-Ho
37%
Bottom
34%
Rockers
34%
Nothing
33%
They
33%
If
32%
Stop
32%
Gonna
31%
Rollers
30%
At
28%
How
10%
Role
10%
Back
9%
Show
9%
Doc-Doc
7%
No matching quizzes found
Score Distribution
Percent of People with Each Score
Percentile by Number Answered
Your Score History
You have not taken this quiz